000 00663nam a2200217 4500
003 OSt
005 20240624004105.0
006 a
008 240624b |||||||| |||| 00| 0 eng d
020 _a9789719245117
040 _aDWCL-Main lib.
_cOC
082 _aFil. 363.2336095 R299 2008
110 _aAsian Federation against involuntary disappearances
245 _aReclaiming stolen lives /
260 _aQuezon City :
_bAFAD,
_cc2008.
300 _aviii,
_b301 p. : ill. (some col.) ;
_c26 cm.
504 _aIncludes index.
650 _a1. Dissappeared persons-Philippinea.
650 _a2. Dissappeared persons-Asia.
942 _2ddc
_n0
_cBK - FIL
_kFil.
999 _c1159
_d1159